Too Much - ZAYN (All Lyrics) - Statistics

General Stats
  • This quiz has been taken 2 times
  • The average score is 116 of 296
Answer Stats
Hint Answer % Correct
a
100%
[Timbaland] be
100%
[Chorus] | [Verse 1] | [Verse 2] | +2 others I
100%
love
100%
x2 me
100%
my
100%
No,
100%
the
100%
we
100%
You
100%
you
100%
your
100%
an
50%
and
50%
but
50%
can
50%
can't
50%
do
50%
I'll
50%
in
50%
it
50%
it's
50%
just
50%
x2 much
50%
on
50%
so
50%
Then
50%
they
50%
though
50%
time
50%
to
50%
to,
50%
x2 too
50%
what
50%
[Bridge] When
50%
x5 why
50%
You're
50%
addiction
0%
affliction
0%
again,
0%
all,
0%
always
0%
back
0%
bad
0%
becomes
0%
call,
0%
call
0%
x2 day
0%
did
0%
didn't
0%
digits
0%
d-low
0%
enough
0%
expect
0%
face
0%
fall
0%
feel
0%
Felt
0%
flashback
0%
flies
0%
fuck
0%
fucked
0%
game
0%
good
0%
gotta
0%
[ZAYN] guess
0%
keep
0%
x2 keepin'
0%
kinda
0%
know
0%
know?
0%
leave
0%
lies
0%
lines,
0%
lust
0%
meant
0%
met
0%
mind,
0%
mind
0%
[Pre-Chorus] Must
0%
x5 need
0%
[ZAYN] never
0%
x2 night
0%
nothin'
0%
x3 Nothin'
0%
now
0%
Now
0%
place
0%
play
0%
room
0%
say
0%
Say
0%
seem
0%
sidetracked
0%
snakes
0%
take
0%
x5 That's
0%
there's
0%
[ZAYN] think
0%
took
0%
x5 touch
0%
turn
0%
x2 up
0%
want
0%
wanted
0%
'way
0%
while
0%
White
0%
white
0%
Won't
0%
No matching quizzes found
Score Distribution
Percent of People with Each Score
Percentile by Number Answered
Your Score History
You have not taken this quiz